| 000 | 01684nam a2200313 a 4500 | ||
|---|---|---|---|
| 001 | BRCA_3431 | ||
| 005 | 20190320204259.0 | ||
| 041 | _aita | ||
| 044 | _ait | ||
| 084 |
_a720 _b.C678 _c1677 |
||
| 100 | 1 |
_aCervantes Saavedra, Miguel de _d1547-1616 _9213 |
|
| 245 | 1 | 0 |
_aL´Ingegnoso Cittadino Don Chisciotte della Mancia _cComposto da Michel di Cervantes Saavedra et hora nuouamente tradotto con fedeltá e chiarezza, di Spagnolo, in Italiano da Lorenzo Franciosini Fiorentino. |
| 260 |
_aRoma _bStamperia di Giuseppe Coruo : Bartolomeo Lupardi _c1677 |
||
| 300 |
_a2 v. _bil. _c16 cm. |
||
| 500 | _aContenido : v.1. Primera parte. Licencias de las autoridades eclesiasticas. Advertencia de los impresores. Advertencia del traductor. Prólogo de Cervantes. -- v.2. Segunda parte. Licencias de la primera parte. Advertencia de los impresores del vol. 1 | ||
| 500 | _aEdición : Con una Tavola ordinatiffina per trovar facilmente á ogni capitolo gli ftrauaganti fu ccetti, e l´heroiche brauure di quefto gran Cavaliero. Aggiunteui in questa nuoa impressione 8 figure di Rame, e il principio | ||
| 500 | _aEjemplar por completo igual al anterior [719] Lúdovik Osterc | ||
| 500 | _aCon ex-libris de : John Cope Bar | ||
| 500 | _aQM539 | ||
| 546 | _aTexto en : italiano | ||
| 650 | 1 | 4 |
_aNovela española _yÉpoca clásica, 1500-1700 _9215 |
| 650 | 1 | 4 |
_aLiteratura española _yÉpoca clásica, 1500-1700 _9216 |
| 650 | 1 | 4 |
_aNovela española _ySiglo XVII _9217 |
| 650 | 1 | 4 |
_aDon Quijote (Personaje ficticio) _eNovela _9218 |
| 700 | 1 |
_aFranciosini Fiorentino, Lorenzo _eTraductor _98991 |
|
| 740 | 0 | _aEl Ingenioso Hidalgo Don Quijote de la Mancha | |
| 902 | _aQFM | ||
| 942 |
_2lcc _cB |
||
| 999 |
_c3167 _d3167 |
||